000 00302nam a22001337a 4500
008 170602b xxu||||| |||| 00| 0 eng d
020 _a9780673992970
041 _aeng
080 _a93
100 _a17
101 _ashh
245 _aWOMEN AND THE NATIONAL EXPERIENCE
_cSKINNER, E
942 _2udc
_cBK
999 _c15670
_d15670